Die Entwicklung der Kriminalität in der früheren DDR. Analyse und Versuch einer Prognose

Guardado en:  
Detalles Bibliográficos
Autor principal: Steinke, Wolfgang 1933- (Autor)
Tipo de documento: Print Artículo
Lenguaje:Alemán
Publicado: 1990
En: Kriminalistik
Año: 1990, Volumen: 45, Número: 12, Páginas: 670-672
Verificar disponibilidad: HBZ Gateway
Palabras clave:

MARC

LEADER 00000caa a22000002c 4500
001 1640169385
003 DE-627
005 20220608131303.0
007 tu
008 160223s1990 xx ||||| 00| ||ger c
035 |a (DE-627)1640169385 
035 |a (DE-576)456070486 
035 |a (DE-599)BSZ456070486 
040 |a DE-627  |b ger  |c DE-627  |e rakwb 
041 |a ger 
100 1 |a Steinke, Wolfgang  |d 1933-  |0 (DE-588)1031768904  |0 (DE-627)737330937  |0 (DE-576)379486024  |4 aut 
109 |a Steinke, Wolfgang 1933- 
245 1 4 |a Die Entwicklung der Kriminalität in der früheren DDR. Analyse und Versuch einer Prognose  |c Wolfgang Steinke 
264 1 |c 1990 
336 |a Text  |b txt  |2 rdacontent 
337 |a ohne Hilfsmittel zu benutzen  |b n  |2 rdamedia 
338 |a Band  |b nc  |2 rdacarrier 
773 0 8 |i In  |t Kriminalistik  |d Heidelberg : C.F. Müller GmbH, Kriminalistik, 1949  |g 45(1990), 12, Seite 670-672  |w (DE-627)129489522  |w (DE-600)205902-2  |w (DE-576)014883163  |x 0023-4699  |7 nnas 
773 1 8 |g volume:45  |g year:1990  |g number:12  |g pages:670-672 
935 |a mkri 
951 |a AR 
ELC |b 1 
LOK |0 000 xxxxxcx a22 zn 4500 
LOK |0 001 3301563821 
LOK |0 003 DE-627 
LOK |0 004 1640169385 
LOK |0 005 20251001122838 
LOK |0 008 160208||||||||||||||||ger||||||| 
LOK |0 040   |a DE-21-110  |c DE-627  |d DE-21-110 
LOK |0 689   |a g  |a DDR 
LOK |0 689   |a s  |a Kriminalitätsentwicklung 
LOK |0 852   |a DE-21-110 
LOK |0 852 1  |m p  |9 00 
LOK |0 935   |a k110 
LOK |0 938   |k p 
LOK |0 939   |a 08-02-16  |b l01 
ORI |a SA-MARC-krimdoka001.raw